<?xml version="1.0" encoding="UTF-8"?>
<record
    xmlns:xsi="http://www.w3.org/2001/XMLSchema-instance"
    xsi:schemaLocation="http://www.loc.gov/MARC21/slim http://www.loc.gov/standards/marcxml/schema/MARC21slim.xsd"
    xmlns="http://www.loc.gov/MARC21/slim">

  <leader>00526nam a2200169Ia 4500</leader>
  <controlfield tag="003">LDD</controlfield>
  <controlfield tag="008">190117s9999    xx            000 0 und d</controlfield>
  <datafield tag="020" ind1=" " ind2=" ">
    <subfield code="c">&#x20B9;65</subfield>
  </datafield>
  <datafield tag="040" ind1=" " ind2=" ">
    <subfield code="c">LDD</subfield>
  </datafield>
  <datafield tag="041" ind1=" " ind2=" ">
    <subfield code="a">hi</subfield>
  </datafield>
  <datafield tag="082" ind1=" " ind2=" ">
    <subfield code="a">8H1.709 &#x927;6849&#x938;</subfield>
  </datafield>
  <datafield tag="100" ind1=" " ind2=" ">
    <subfield code="a">&#x927;&#x935;&#x928;, &#x92F;&#x941;&#x926;&#x94D;&#x927;&#x935;&#x940;&#x930;</subfield>
  </datafield>
  <datafield tag="245" ind1=" " ind2="0">
    <subfield code="a">&#x938;&#x92E;&#x915;&#x93E;&#x932;&#x940;&#x928; &#x932;&#x92E;&#x94D;&#x92C;&#x940; &#x915;&#x935;&#x93F;&#x924;&#x93E; &#x915;&#x940; &#x92A;&#x939;&#x91A;&#x93E;&#x928;</subfield>
    <subfield code="c">&#x92F;&#x941;&#x926;&#x94D;&#x927;&#x935;&#x940;&#x930; &#x927;&#x935;&#x928;</subfield>
  </datafield>
  <datafield tag="260" ind1=" " ind2=" ">
    <subfield code="a">&#x915;&#x941;&#x930;&#x942;&#x915;&#x94D;&#x937;&#x947;&#x924;&#x94D;</subfield>
    <subfield code="b">&#x938;&#x902;&#x91C;&#x940;&#x935;</subfield>
    <subfield code="c">1987</subfield>
  </datafield>
  <datafield tag="300" ind1=" " ind2=" ">
    <subfield code="a">136&#x92A;&#x94D;&#x930;.</subfield>
  </datafield>
  <datafield tag="942" ind1=" " ind2=" ">
    <subfield code="2">ddc</subfield>
    <subfield code="c">H</subfield>
  </datafield>
  <datafield tag="952" ind1=" " ind2=" ">
    <subfield code="0">0</subfield>
    <subfield code="1">0</subfield>
    <subfield code="2">ddc</subfield>
    <subfield code="4">0</subfield>
    <subfield code="7">0</subfield>
    <subfield code="9">161542</subfield>
    <subfield code="a">LDD</subfield>
    <subfield code="b">LDD</subfield>
    <subfield code="d">2019-01-17</subfield>
    <subfield code="l">0</subfield>
    <subfield code="o">8H1.709 &#x927;6849&#x938;</subfield>
    <subfield code="p">H001191</subfield>
    <subfield code="r">2019-01-17</subfield>
    <subfield code="w">2019-01-17</subfield>
    <subfield code="y">H</subfield>
  </datafield>
  <datafield tag="999" ind1=" " ind2=" ">
    <subfield code="c">161800</subfield>
    <subfield code="d">161800</subfield>
  </datafield>
</record>
